000 01133nam0a22002771 4500
001 rc\2159183
005 20260407014534.0
035 _a(NLR Aleph) 006513363
090 _a6353663
_c6353663
100 _a20110829d1979 |||y0rusy50 ca
101 0 _arus
102 _aRU
105 _aa b |||||
200 1 _aФ.В. Шапаев
_eЖивопись. Графика
_e[Каталог выставки
_fВступ. статья В. Десятникова]
210 _aМосква
_cСов. Россия
_d1979
215 _a[15] с., 13 л. ил., цв. ил.
_d21
606 _aРусская советская графика
_xВыставки
_z1978
_yМосква
_2psbo
606 _aРусская советская живопись
_xВыставки
_z1978
_yМосква
_2psbo
702 1 _aДесятников
_bВ.
_4080
710 1 0 _aШапаев,
_eМосква
_f1985
_gФедор Васильевич
_hВыставка произведений
_9503039
_3RU\NLR\AUTH\8810002902
801 0 _aRU
_bNLR
_gpsbo
801 1 _aRU
_bELAR
_2rusmarc
852 _aNLR
_bЭ
_jКП/Ш230
942 _cBOOK
980 _aNB